[Event "Olympiad-42"]
[Site "Baku"]
[Date "2016.09.04"]
[Round "3.3"]
[White "Iotov, Valentin Dimitrov"]
[Black "Dizdarevic, Emir"]
[Result "1-0"]
[WhiteElo "2518"]
[BlackElo "2460"]
[Annotator "Iotov,V"]
[PlyCount "57"]
[EventDate "2016.09.02"]
[EventType "team-swiss"]
[EventRounds "11"]
[EventCountry "AZE"]
[SourceTitle "CBM 175"]
[Source "ChessBase"]
[SourceDate "2016.11.10"]
[SourceVersion "1"]
[SourceVersionDate "2016.11.10"]
[SourceQuality "1"]
[WhiteTeam "Bulgaria"]
[BlackTeam "Bosnia&Herzegovina"]
[WhiteTeamCountry "BUL"]
[BlackTeamCountry "BIH"]

1. c4 g6 2. d4 Bg7 3. Nc3 e6 $6 {I can't possibly find such move to be in the
spirit of the position. The combination of e6 and g6 is rarely a good thing,
especially this early in the opening.} (3... Nf6 $142 4. e4 d6 {King's Indian})
4. Nf3 Ne7 5. h4 $1 {A natural response to the Ne7 + g6 - Bg7 setup, commonly
seen in Benoni positions.} h6 6. Bf4 (6. h5 g5 7. Nxg5 $5 {A move which
definitely crossed my mind during the game. It makes perfect sense as White's
controlling the centre and is ahead in development. However, I decided that
there's no need for such rough early aggression - especially in a team
competition.} hxg5 8. Bxg5 f6 9. Bf4 $44 {[%csl Gd4,Re8,Gf4,Rg7][%cal Gh5h6]})
6... d6 7. e4 Nd7 8. c5 $1 {[%csl Rc7][%cal Gf4c7] Maybe not the best move in
the position, but definitely the best practical one. It creates problems my
opponent did not forsee while keeping the solid positional advantage.} (8. e5
$6 {An option that would have won me a great spatial advantage, but ironically
lost the control over it.} dxe5 9. dxe5 b6 10. Qe2 Bb7 11. Rd1 (11. O-O-O Nc6
$15) 11... Nc6 12. g3 Qe7 13. Bg2 Rd8 14. O-O O-O $132) 8... e5 $6 (8... dxc5
9. Nb5 e5 10. Nxe5 Nxe5 11. Bxe5 Bxe5 12. dxe5 Be6 13. Qc2 b6 14. Rd1 Qc8 15.
f4 h5 16. Be2 $16) 9. dxe5 dxe5 10. Be3 $16 {With a huge spatial advantage,
better piece placement, and the ability to deny any sort of potential
counterplay, I felt that I should soon be winning this game.} Nc6 11. Bc4 (11.
Qa4 $142 O-O 12. O-O-O $16) 11... Nd4 $6 {A desperate attempt born of a
disadvantage in time .} (11... Nf8 12. Qxd8+ Nxd8 13. O-O-O Nfe6 $132 {Still
at a disadvantage, but at least the queens are gone...}) 12. Nxd4 exd4 13. Bxd4
Ne5 {Practically, the only correct move in the position.} 14. Bxe5 $6 {By far
the last move I wanted to make in this position. However, I had already spent
about 20 minutes with no result - even though I knew there was something I was
missing.} (14. f4 $1 {Ironically, the only real move I considered! I am not
sure why I didn't go through with it.} Nf3+ 15. gxf3 Bxd4 (15... Qxd4 $6 16.
Qxd4 Bxd4 17. Nb5 $18) 16. Qa4+ c6 17. O-O-O Kf8 18. Ne2 Be3+ 19. Kb1 Qe7 20.
Qb3 Bxc5 21. Bxf7 Qxf7 22. Qc3 $18) 14... Qxd1+ 15. Rxd1 Bxe5 16. Ke2 $6 {
... and then I thought to myself - king in the centre should be best in any
endgame. Apparantly, I was wrong as it is also a waste of time.} (16. f4 $5 {
The best move according to the computer! However, not a move a sane chess
player would consider after the recent 14.Bxe5 fiasco...} Bxf4 17. O-O Be3+ 18.
Kh2 O-O 19. b4 $16) (16. Rd5 f6 17. g3 Ke7 18. Rd3 c6 19. f4 Bc7 20. b4 $16)
16... c6 17. Ke3 g5 18. hxg5 hxg5 19. Rxh8+ $6 (19. g3 $142 g4 20. Rxh8+ Bxh8
21. Kf4 {[%csl Rh8][%cal Ge4e5]} Bg7 22. e5 $16) 19... Bxh8 20. Rh1 Bg7 21. g3
b5 $1 {A fast and secure way to activate Black's rook!} 22. Bb3 $6 (22. cxb6 $1
{Though it is the best move in the position, it wasn't one I took seriously.}
axb6 23. f4 $16) 22... a5 23. a4 Rb8 $2 {The final mistake! This move doesn't
only create a passed c-pawn for me, but it also gives me control of d5 which
means the sudden activation of all my minor pieces.} (23... b4 $1 24. Ne2 Ba6
25. Nd4 Rd8 26. Rd1 Bf8 27. Nxc6 Bxc5+ 28. Kf3 Rxd1 29. Bxd1 Bb6 30. Bb3 f6
$132) 24. axb5 cxb5 25. Bd5 a4 26. f4 {[%csl Rg7][%cal Ge4e5]} gxf4+ 27. gxf4
a3 28. e5 f6 (28... axb2 29. Rb1 f6 30. Kd4 fxe5+ 31. fxe5 b4 32. Na4 Ke7 33.
Rxb2 $18) 29. e6 {Overall, a game that could have gone much more smoothly
given the terrible opening choice by GM Dizdarevic.} (29. e6 axb2 30. f5 $18 {
[%csl Rg7]}) 1-0

[Event "Linares Anibal op 04th"]
[Site "Linares"]
[Date "1997.??.??"]
[Round "7"]
[White "Barsov, Alexei"]
[Black "Arencibia Rodriguez, Walter"]
[Result "1-0"]
[WhiteElo "2465"]
[BlackElo "2560"]
[Annotator "Jacoby,G"]
[PlyCount "69"]
[EventDate "1997.02.??"]
[EventType "swiss"]
[EventRounds "10"]
[EventCountry "ESP"]
[SourceTitle "CBM 058"]
[Source "ChessBase"]
[SourceDate "1997.06.01"]
[SourceVersion "1"]
[SourceVersionDate "1997.06.01"]
[SourceQuality "1"]

1. d4 e6 2. c4 Bb4+ 3. Nc3 Ne7 4. Nf3 (4. Qc2 O-O 5. e3 c5 6. Bd3 h6 7. a3
Bxc3+ 8. Qxc3 cxd4 9. exd4 d5 10. c5 b6 11. Nf3 $6 (11. b4 $142) 11... bxc5 12.
dxc5 f6 13. b4 e5 14. Bc2 Bf5 15. Bb3 Kh8 16. O-O d4 17. Qb2 Nbc6 18. b5 e4 $5
{0-1 Gelfand,B-Andersson,U/Osterskars m 1995/CBM 49 (52)}) 4... c5 5. g3 b6 6.
Bg2 Bb7 7. dxc5 bxc5 8. O-O Bxc3 9. bxc3 d6 10. Qd3 Qc7 11. Rd1 Nc8 12. Rb1 Bc6
13. Ng5 Bxg2 14. Kxg2 Nc6 15. Ne4 O-O 16. Ng5 (16. Nxd6 $5 Ne5 (16... Rd8 17.
Rb7 Qxd6 18. Qf3 Ne5 19. Rxd6 Nxd6 20. Qh5 $16) 17. Rb7 Nxd3 (17... Qc6+ 18.
Qe4) 18. Rxc7 Nxc1 19. Nxc8 $14) (16. Bf4 e5 17. Ng5 g6 18. Be3 $13) 16... g6
17. Qe4 Re8 18. Qe3 Rb8 19. Ne4 Qe7 20. Rxb8 Nxb8 21. Qf4 f5 22. Nxd6 e5 23.
Nxc8 Rxc8 24. Qf3 e4 25. Qf4 Nd7 26. Qd6 Qxd6 27. Rxd6 Nb6 28. h4 Kf7 29. Bg5
Rc7 30. h5 gxh5 (30... Nxc4 31. Rf6+ Kg7 32. h6+ Kg8 33. Bf4 Rd7 (33... Rc8 34.
Ra6 Ra8 35. Rc6 $16) 34. Rc6 $16) 31. Kh3 Nxc4 32. Rf6+ Kg7 33. Kh4 Rf7 34. Rc6
Ne5 $4 35. Bh6+ 1-0

[Event "Politiken Cup 18th"]
[Site "Copenhagen"]
[Date "1996.??.??"]
[Round "11"]
[White "Hillarp Persson, Tiger"]
[Black "Gulko, Boris F"]
[Result "1/2-1/2"]
[WhiteElo "2410"]
[BlackElo "2615"]
[Annotator "King,D"]
[PlyCount "134"]
[EventDate "1996.06.??"]
[EventType "swiss"]
[EventRounds "11"]
[EventCountry "DEN"]
[SourceTitle "CBM 054"]
[Source "ChessBase"]
[SourceDate "1996.10.01"]
[SourceVersion "1"]
[SourceVersionDate "1996.10.01"]
[SourceQuality "1"]

1. d4 e6 2. c4 b6 3. Nf3 Bb7 4. Nc3 Bb4 5. Qb3 a5 6. a3 a4 7. Qc2 Bxc3+ 8. Qxc3
d6 9. Bg5 Ne7 10. e3 Nd7 11. Bh4 O-O 12. Be2 f5 13. O-O Qe8 14. Nd2 Ng6 15. Bg3
e5 16. f3 f4 17. exf4 Nxf4 18. Bxf4 Rxf4 19. d5 Nc5 20. g3 Qg6 21. Bd1 Bc8 22.
Bc2 Bf5 23. Bxf5 Rxf5 24. Rae1 Raf8 25. Qe3 Rf4 26. Ne4 Nxe4 27. fxe4 h5 {
Gulko seizes his chance. Because of the pins and other tactics, White cannot
prevent the pawn from advancing all the way to h3. One feels the ball should
have hit the back of the net in this game, but somehow White scrapes a draw
after extra time.} 28. Kg2 h4 29. Qd3 h3+ $1 30. Kg1 (30. Kxh3 Rf2 $19) 30...
Qg4 31. Rxf4 Rxf4 32. Re3 Rf8 33. Qc2 Qg5 34. Qe2 Kh7 35. Rc3 Kg6 36. Rd3 Qh5
37. Qe1 Qg4 38. Re3 Kh5 39. Qd2 Rf3 40. Qe2 Rxe3 41. Qxe3 Qd1+ 42. Kf2 Qd4 43.
Ke2 Qxb2+ 44. Ke1 Kg6 45. Qf3 Qc1+ 46. Kf2 Qd2+ 47. Kf1 Qg5 48. Ke2 Kh7 49. Qf1
Qg4+ 50. Qf3 Qg6 51. Kd3 Kg8 52. g4 Qg5 53. Qf5 Qc1 54. g5 Qxa3+ 55. Kc2 Qb3+
56. Kd2 Qb2+ 57. Kd1 Qd4+ 58. Kc2 Qxc4+ 59. Kd2 Qb4+ 60. Kc2 Qc4+ 61. Kd2 Qb4+
62. Kc2 Qb3+ 63. Kd2 Qb2+ 64. Kd1 Qb5 65. g6 Qd3+ 66. Kc1 Qc3+ 67. Kd1 Qd3+
1/2-1/2

[Event "FIDE-Wch k.o."]
[Site "Las Vegas"]
[Date "1999.07.31"]
[Round "1.1"]
[White "Akesson, Ralf"]
[Black "Miles, Anthony John"]
[Result "1-0"]
[WhiteElo "2535"]
[BlackElo "2588"]
[Annotator "King,D"]
[PlyCount "99"]
[EventDate "1999.07.31"]
[EventType "k.o."]
[EventRounds "7"]
[EventCountry "USA"]
[SourceTitle "CBM 072"]
[Source "ChessBase"]
[SourceDate "1999.10.01"]
[SourceVersion "1"]
[SourceVersionDate "1999.10.01"]
[SourceQuality "1"]

1. d4 e6 2. c4 b6 3. e4 Bb7 4. Nc3 (4. f3 e5 $5 5. d5 {Obviously not the most
severe test of 4...e5,} ({though,} 5. dxe5 Nc6 {gives Black compensation.})
5... Bc5 {I rather like Black's position (that doesn't mean he stands better).
The queenside is secure and he can prepare to play the pawn break ...f5 just
like in a King's Indian; and before White can castle he must deal with that
bishop.} 6. Nc3 a5 7. Nge2 Na6 8. g3 Ne7 9. Bh3 O-O 10. Na4 Bb4+ 11. Nec3 Nc8 {
Obscure. Black is doing just fine if he sticks to more traditional strategy:} (
{The immediate} 11... f5 {is also possible.}) 12. a3 Be7 13. O-O Nc5 14. Be3
Ba6 15. b3 Nxa4 16. Nxa4 b5 17. cxb5 Bxb5 18. Rf2 Bxa4 19. bxa4 Bd6 20. f4 $6 {
0-1 Pytel,K-Piasetski,L/Buenos Aires olm 1978 (46)} ({Instead,} 20. Qd3 $1 Nb6
21. Qb5 Qe7 22. Rc2)) (4. Bd3 Nc6 5. Ne2 e5 $5 6. d5 Nb4 7. O-O Ne7 8. Nbc3
Nxd3 9. Qxd3 Ng6 10. Ng3 Be7 11. Nf5 O-O 12. g3 d6 13. h4 Bf6 14. Kg2 Bc8 15.
Rh1 Re8 16. Bd2 a6 17. a4 $14 {Lobron,E-Speelman,J/BL9697 1997/0-1 (44)}) 4...
Bb4 5. f3 e5 6. dxe5 Qh4+ {That is a more familiar motif from this opening:
the queen was going to e7 anyway, so gives a check on h4 first to weaken the
diagonal. However, this doesn't turn out well, through White's excellent play.
Instead I would suggest the immediate 6...Bxc3+ 7 bxc3 Nc6, leaving the option
of ...Qh4+ open. Then Black can consider playing the knight to e7. That would
avoid some of the problems encountered in the game where Black found it
difficult to force through ...f5. (He did force it, but at a price).} 7. g3
Bxc3+ 8. bxc3 Qe7 9. Be3 Nc6 10. Ne2 {White rightly returns the pawn. Trying
to hold onto it with 10 f4 could potentially be fatal.} Nxe5 11. Nd4 O-O-O 12.
Be2 g6 13. Kf2 f5 14. exf5 Nf6 15. Re1 gxf5 16. Qa4 c5 17. Qxa7 cxd4 18. cxd4
Rdf8 19. Bf4 Nc6 20. Qxb6 Qd8 21. Qb2 d6 22. Rab1 Rf7 23. Bd3 Nh5 24. Bxf5+ Kb8
25. Bd2 Rhf8 26. Be4 Qc8 27. Kg1 Nf6 28. Bf4 Nxe4 29. Rxe4 Ka8 30. Bxd6 Rd8 31.
Bf4 Na7 32. d5 Rg8 33. Qa3 Qh3 34. Rbe1 Rff8 35. Re7 Rxf4 36. Re8+ Rxe8 37.
Rxe8+ Bc8 38. gxf4 Qf5 39. Qe3 Qb1+ 40. Kf2 Qxa2+ 41. Qe2 Qa1 42. Qe5 Qa2+ 43.
Qe2 Qa1 44. Qe5 Qa2+ 45. Kg3 Qxc4 46. d6 Qf7 47. f5 Qh5 48. Qe4+ Kb8 49. Qb4+
Ka8 50. d7 1-0

[Event "ARG-ch"]
[Site "Argentina"]
[Date "1995.??.??"]
[Round "13"]
[White "Sorin, Ariel"]
[Black "Morovic Fernandez, Ivan"]
[Result "1-0"]
[WhiteElo "2500"]
[BlackElo "2585"]
[Annotator "King,D"]
[PlyCount "83"]
[EventDate "1995.??.??"]
[EventType "tourn"]
[EventRounds "15"]
[EventCountry "ARG"]
[EventCategory "9"]
[SourceTitle "CBM 049"]
[Source "ChessBase"]
[SourceDate "1995.12.01"]
[SourceVersion "1"]
[SourceVersionDate "1995.12.01"]
[SourceQuality "1"]

1. d4 e6 2. c4 b6 3. Nf3 Bb7 4. g3 Bxf3 5. exf3 c6 6. Nc3 d5 7. Be3 g6 8. Be2
Bg7 9. h4 h5 10. Qd2 Ne7 11. g4 Nd7 12. O-O-O Nf6 13. Bf4 dxc4 14. Be5 Kf8 15.
Bxc4 Ned5 16. g5 Nd7 17. f4 Nxe5 18. fxe5 Nxc3 19. Qxc3 Kg8 20. Rh3 Kh7 21. f4
Qe7 22. Qc2 Rac8 23. Rc3 {The weakness of the pawn on c6 is sufficient to give
White a clear advantage.} Rc7 24. Bb5 Rhc8 (24... c5 25. d5 exd5 26. Rxd5 {
White's bishop can work against Black's pawn structure without hindrance.}) 25.
Bxc6 Bf8 26. Kb1 Qd8 27. d5 exd5 28. Rxd5 Qe7 29. Rd6 Rd8 30. Rcd3 Rcc8 31. Qd2
Rxd6 32. exd6 Qe6 33. d7 Rd8 34. Bg2 Qf5 35. Bh3 Qe4 36. a3 Bd6 37. Qe3 Qxe3
38. Rxe3 Kg7 39. Re8 Bc7 40. Kc2 f5 41. gxf6+ Kxf6 42. Kd3 1-0

[Event "EU-ch 6th"]
[Site "Warsaw"]
[Date "2005.06.20"]
[Round "3"]
[White "Kritz, Leonid"]
[Black "Cheparinov, Ivan"]
[Result "1/2-1/2"]
[WhiteElo "2549"]
[BlackElo "2621"]
[Annotator "Kritz,L"]
[PlyCount "97"]
[EventDate "2005.06.18"]
[EventType "swiss"]
[EventRounds "13"]
[EventCountry "POL"]
[SourceTitle "CBM 108"]
[Source "ChessBase"]
[SourceDate "2005.09.26"]
[SourceVersion "1"]
[SourceVersionDate "2005.09.26"]
[SourceQuality "1"]

1. Nf3 c5 2. c4 g6 3. d4 Bg7 4. e4 d6 5. Nc3 Qa5 $6 {Das ist ein eher seltener
Zug. Man spielt ihn dann, wenn man aus der Eröffnung heraus auf Gewinn spielen
will.} 6. Be3 (6. d5 $5 Bxc3+ 7. bxc3 Qxc3+ (7... Nf6 8. Nd2 (8. Qc2 Nxe4 $1 9.
Qxe4 Qxc3+ $17) 8... Qxc3 9. Rb1 $44) 8. Bd2 Qg7 9. Bd3 Nf6 10. O-O $44) 6...
Nf6 (6... Nc6 $6 7. d5 $1 (7. dxc5 $6 dxc5 (7... Bxc3+ 8. bxc3 dxc5 (8... Qxc3+
9. Bd2 Qa3 10. cxd6 Qxd6 11. Qc2 $14) 9. Qc2 Nf6 10. Bd3 $14) 8. Qd2 Bg4 $15) (
7. Qd2 Bg4 (7... Nf6 8. d5 $16) 8. d5 Bxf3 (8... Ne5) 9. gxf3 (9. dxc6 Bxc3 10.
bxc3 (10. cxb7 Bxd2+ 11. Bxd2 Qd8 12. bxa8=Q Qxa8 13. gxf3 Nf6 $15) (10. Qxc3
Qxc3+ 11. bxc3 Bxe4 12. cxb7 Bxb7 $17) 10... Bxe4 11. cxb7 Bxb7 12. Bg5 $15)
9... Nd4 10. Bxd4 Bxd4 (10... cxd4 11. Nb5 Qxd2+ 12. Kxd2 Kd8 13. Kd3 $16) 11.
f4 Nf6 12. Bd3 $132) 7... Ne5 (7... Bxc3+ 8. bxc3 $16) 8. Nxe5 Bxe5 9. Qd2 $14)
7. Qd2 (7. Bd3 $6 cxd4 8. Bxd4 (8. Nxd4 Ng4 $15) 8... Nc6 9. Be3 Ng4 10. Bd2
Qb6 11. O-O Qxb2 12. Rb1 Qa3 13. Rb3 Qa5 14. Nd5 Qd8 $15) 7... Ng4 (7... cxd4
8. Nxd4 Ng4 9. Bg5 $1 $14) (7... Nc6 8. d5 Nb4 9. Be2 Nxe4 10. Nxe4 Nc2+ 11.
Kd1 Qxd2+ 12. Kxd2 Nxa1 13. Nc3 $1 $16) 8. Nd5 Qxd2+ (8... Qd8 9. Bg5 f6 (9...
Nc6 10. h3 Nf6 11. Nxf6+ exf6 12. Be3 $14) 10. Bh4 $14) 9. Bxd2 Na6 10. h3 (10.
Bc3 cxd4 11. Nxd4 Bd7 $11) 10... Nf6 (10... e6 11. hxg4 exd5 12. cxd5 Bxg4 (
12... cxd4 13. Bxa6 bxa6 14. g5 $14) 13. Bxa6 bxa6 14. Nh2 Bd7 15. dxc5 dxc5
16. Bc3 Bxc3+ 17. bxc3 Rb8 18. O-O-O $14) 11. Nxf6+ Bxf6 12. e5 dxe5 (12... Bg7
13. exd6 exd6 14. O-O-O $1 cxd4 15. Bf4 $14) 13. dxe5 Bg7 {Diese Stellung
entstand fast forciert als Folge der schwarzen aggressiven Spielweise in der
Eröffnung. Das wesentliche Merkmal hier ist die Lage des Läufers g7. Weiß muss
versuchen, die schwarzen Befreiungsversuche auf dem Königsflügel zu
unterbinden, während Schwarz seinerseits um jeden Preis zu einem Gegenspiel
kommen muss.} 14. Bd3 $1 {Ein sehr starker Zug, der die Entwicklung des
Läufers auf f5 und weiter e4 verhindert.} Be6 15. b3 O-O-O 16. Ke2 f6 {
Prinzipieller Zug.} (16... Nb4 17. Bxb4 cxb4 18. Rad1 Kc7 19. Be4 $1 $16 {
es sieht zwar so aus, als ob Schwarz das Läuferpaar hätte, und Weiß gar nichts,
aber so ist es nicht. Die weißen Figuren stehen ideal postiert, der Zug Bd5
droht, wonach Weiß starke Zentrumsbauern bekommen wird. Schwarz hat gar kein
Gegenspiel.}) 17. Rad1 g5 (17... fxe5 18. Ng5 Bg8 (18... Bf5 19. Bxf5+ gxf5 20.
Nf7 $16) 19. Bc3 $14) 18. Bc3 Nb4 $2 {Ein Fehler, der die Verwirklichung der
weißen Pläne zulässt, andererseits ist für Schwarz schon guter Rat teuer.} (
18... h5 19. Be4 g4 20. Rxd8+ Rxd8 21. hxg4 hxg4 22. Ne1 $16) 19. Bxb4 cxb4 20.
Be4 $16 Kb8 $1 {Fast der einzige Zug.} (20... fxe5 21. Nxg5 Rxd1 22. Rxd1 Bg8
23. Bd5 Bf6 24. Ne4 $16) (20... Kc7 21. Rxd8 (21. Bd5 Bc8 22. e6 Rd6 23. Nd4
Ra6 24. Rd2 f5 $1 $13) (21. Nd4 Bc8 $13) 21... Rxd8 22. Bxh7 g4 23. hxg4 Bxg4
24. exf6 Bxf6 25. Be4 $16) (20... g4 21. Nd4 $1 Rxd4 22. Rxd4 $16) 21. Rxd8+ (
21. Nd4 Bc8 22. e6 $2 Rxd4 $1 23. Rxd4 f5 $17) (21. Bd5 Bc8 22. e6 Rd6 23. Nd4
Ra6 24. Rd2 f5 25. Nxf5 Bc3 26. Rc2 Bxe6 27. Bxe6 Rxe6+ 28. Ne3 Rd8 $132) 21...
Rxd8 22. Rd1 $2 {Ein Fehler, der die Gewinnchancen praktisch annulliert.} (22.
Bxh7 $1 g4 (22... fxe5 23. Nxg5 $18) 23. hxg4 Bxg4 24. exf6 Bxf6 25. Be4 $16 {
Schwarz wird wohl demnächst auf f3 tauschen müssen und versuchen, das Endspiel
mit ungleichfarbigen Läufern und Türmen zu halten, aber es ist sehr schwer,
die Chancen stehen ca. 80:20 für Weiß.}) 22... Rxd1 23. Kxd1 Bg8 24. Bd5 e6 (
24... Bxd5 25. cxd5 h6 (25... fxe5 26. Nxg5 $18) 26. e6 Kc7 (26... f5 27. d6
Bf6 28. Ne5 $1 $18) 27. Nd4 Bf8 28. Nf5 $18) 25. exf6 (25. Be4 f5 26. Bd3 h6
$15) 25... Bxf6 (25... exd5 26. fxg7 dxc4 27. bxc4 Bxc4 28. Nxg5 Bxa2 29. Nxh7
$18) 26. Be4 {Dieses Endspiel ist nicht zu gewinnen, denn Schwarz schafft es,
sehr schnell ein Gegenspiel am Damenflügel zu bekommen. Cheparinov verteidigte
die Stellung mit brillianter Technik.} b6 27. Ke2 Kc7 28. Ne1 Kd6 29. Nd3 a5
30. Kf3 h5 31. Bg6 Bc3 32. Ke2 a4 33. Bxh5 e5 $1 {Das ist die Idee des Ganzen.
Schwarz hat zwar den Bauern opfern müssen, dafür spielen jetzt beide Läufer
mit plus die weißen Bauern am Damenflügel sind geschwächt.} 34. Bf3 Bh7 35. Bd5
axb3 36. axb3 Bxd3+ $11 {Eine forcierte Abwicklung in ein remisliches
Läuferendspiel.} 37. Kxd3 Bd4 38. f3 Ke7 39. Ke4 Kf6 40. Bb7 Bf2 41. Bc8 Bc5
42. Kd5 Bf2 43. Kc6 Ke7 44. g3 Kf6 45. h4 gxh4 46. gxh4 Be3 47. Bd7 Kg7 48. Kd5
Bf4 49. Ke4 {Weiß kann die schwarze Festung nicht knacken, deswegen} 1/2-1/2